000
00325pab a2200133 454500
008
180718b1989 xxu||||| |||| 00| 0 eng d
100
_a
Reich, Robert B.
245
_a
Corporation and nation
260
_c
1989
300
_a
2-6
650
_a
International Business Enterprises
773
_a
American Review
909
_a
11692
999
_c
11692
_d
11692